000 00595nam a2200241 a 4500
001 nice12345678
003 IN_TiNIC
005 20260116014121.0
008 111215s2010 newa grp 000 0 eng
020 _a9788125043256
_c550
082 0 0 _a341.7588
_bCHO
100 _aChomsky, Noam
245 _aNew World of Indigenous Resistance
260 _aNew Delhi
_bOrient Blackswan
_c2010
300 _a416p
500 _aincludes index and biblioraphy
505 2 _aIndex
650 _aGlobalization
700 1 _aChomsky, Noam
902 _bSRS
942 _cBK
999 _c13950
_d13950